Vista normal
Vista MARC
Entrada Topical Term
Número de registros utilizados en: 1
001 - CONTROL NUMBER
- control field: 12326
003 - CONTROL NUMBER IDENTIFIER
- control field: OSt
005 - DATE AND TIME OF LATEST TRANSACTION
- control field: 20201111135241.0
008 - FIXED-LENGTH DATA ELEMENTS
- fixed length control field: 201111|| aca||aabn | a|a d
040 ## - CATALOGING SOURCE
- Original cataloging agency: OSt
- Transcribing agency: OSt
150 ## - HEADING--TOPICAL TERM
- Topical term or geographic name entry element: Colombia -- Administración pública -- 1978-1982 Colombia -- Política y gobierno, 1978-1982 Colombia -- Condiciones económicas -- 1978-1982 Colombia -- Condiciones sociales -- 1978-1982--
670 ## - SOURCE DATA FOUND
- Source citation: Work cat.: (OSt)4807: Colombia. Presidente (1978-1982 : Turbay Ayala) 12325, Itinerario de un gobierno democrático /